01639nam a2200397 i 450000100060000000300080000600500170001400600190003100700150005000800410006502000180010603500230012403500240014703500250017103500210019604000310021705000220024808000100027008200160028024502890029626400310058530000410061633600310065733700330068833800430072149000430076458801240080765000290093165000360096065500270099670000280102370000400105170000330109183000550112485600620117942127FlNmELB20241216222023.0m o d | cr cnu||||||||150608s2011 sp o 000 0 spa d z9788499828046 a(MiAaPQ)EBC3198689 a(Au-PeEL)EBL3198689 a(CaPaEBR)ebr10559770 a(OCoLC)835167659 aFINmELBbspaerdacFINmELB 4aJX1952bM939 2011 a341.60 a341.52222300aMétodos alternos de solución de conflictos :bherramientas de paz y modernización de la justicia /ceditores-directores, Marta Gonzalo Quiroga, Francisco Javier Gorjón Gómez ; Coordinador, Arnulfo Sánchez García ; autores, Francisco Javier Gorjón Gómez [y otros 19]. 1aMadrid :bDykinson,c2011. a1 recurso en línea (331 páginas) atextobtxt2rdacontent/spa acomputadorabc2rdamedia/spa arecurso en líneabcr2rdacarrier/spa1 aCiencias jurídicas y sociales ;v146 aDescripción basada en recurso en línea; Título de la página del título en PDF (e-libro, visto June 08, 2015). 4aArbitraje internacional. 0aArbitration (International law) 4aLibros electrónicos.1 aGonzalo Quiroga, Marta.1 aGorjón Gómez, Francisco Javier.1 aSánchez García, Arnulfo. 0aCiencias jurídicas y sociales (Dykinson) ;v146.40uhttps://elibro.net/ereader/politecnicointernacional/42394